|
|
|
|
| LEADER |
01366cas a2200241 a 4500 |
| 001 |
AALejournalIMF012467 |
| 008 |
230101c9999 xx r poo 0 0eng d |
| 020 |
|
|
|c 15.00 USD
|
| 020 |
|
|
|z 9781557750785
|
| 022 |
|
|
|a 0251-6365
|
| 040 |
|
|
|a BD-DhAAL
|c BD-DhAAL
|
| 100 |
1 |
|
|a Amuzegar, Jahangir.
|
| 245 |
1 |
0 |
|a Oil Exporters' Economic Development in an Interdependent World /
|c Jahangir Amuzegar.
|
| 264 |
|
1 |
|a Washington, D.C. :
|b International Monetary Fund,
|c 1983.
|
| 300 |
|
|
|a 1 online resource (112 pages)
|
| 490 |
1 |
|
|a Occasional Papers
|
| 500 |
|
|
|a <strong>Off-Campus Access:</strong> No User ID or Password Required
|
| 500 |
|
|
|a <strong>On-Campus Access:</strong> No User ID or Password Required
|
| 506 |
|
|
|a Electronic access restricted to authorized BRAC University faculty, staff and students
|
| 520 |
3 |
|
|a Not unpredictably, there is a complex energy bind as we approach the end of the twentieth century. The oil importing industrial countries have anchored their industries, their means of transportation, their home comfort- in short, their whole energy-dependent lifestyle-largely to hydrocarbon fuels.
|
| 538 |
|
|
|a Mode of access: Internet
|
| 830 |
|
0 |
|a Occasional Papers; Occasional Paper ;
|v No. 1983/003
|
| 856 |
4 |
0 |
|z Full text available on IMF
|u http://elibrary.imf.org/view/books/084/05007-9781557750785-en/05007-9781557750785-en-book.xml
|z IMF e-Library
|